|
|
|
|
| LEADER |
01331nam a2200289 a 4500 |
| 001 |
18956 |
| 003 |
BD-DhAAL |
| 008 |
090816s2004 ii a b 001 0 eng d |
| 010 |
|
|
|a 2005317011
|
| 020 |
|
|
|a 9848233393
|
| 040 |
|
|
|a DLC
|c DLC
|d BD-DhAAL
|
| 082 |
0 |
0 |
|a 305.42095492
|2 22
|
| 100 |
1 |
|
|a Bose, Ashish.
|9 381
|
| 245 |
0 |
0 |
|a Women's empowerment through capacity building :
|b enduring efforts in Bangladesh /
|c Ashish Bose with G.M. Monawar Hosain ... [et al.] ; foreword by Ela Bhatt.
|
| 260 |
|
|
|a New Delhi;
|a Dhaka :
|b Samskriti;
|b Gonoprokashani,
|c c2004.
|
| 300 |
|
|
|a xvi, 186 pages :
|b illustrations ;
|c 23 cm.
|
| 504 |
|
|
|a Includes bibliographical references (pages [178]-179) and index.
|
| 520 |
|
|
|a On economic development of rural women of Bangladesh; a study; also includes case studies.
|
| 541 |
1 |
|
|e 18956
|
| 650 |
|
0 |
|a Women in development
|z Bangladesh.
|9 382
|
| 650 |
|
0 |
|a Women in development
|z Bangladesh
|v Case studies.
|9 383
|
| 650 |
|
0 |
|a Rural women
|z Bangladesh
|x Economic conditions.
|9 384
|
| 700 |
1 |
|
|a Monawar Hosain, G. M.
|9 385
|
| 852 |
4 |
|
|a Ayesha Abed Library
|c General Stacks
|
| 942 |
|
|
|2 ddc
|c BK
|
| 999 |
|
|
|c 3287
|d 3287
|
| 952 |
|
|
|0 0
|1 0
|2 ddc
|4 0
|6 305_420000000000000_095492_BOS
|7 0
|9 2979
|a BIGD
|b BIGD
|c GEN
|d 2009-08-31
|g 300.00
|l 0
|o 305.42095492 BOS
|p 3050018956
|r 2009-08-31
|t 1
|w 2009-08-31
|y BK
|x Transferred from BDI to BIGD.
|